Представление документа в формате RUSMARC

ПолеНазваниеЗначение
  Тип записи a
  Библиографический уровень a
001 Контрольный номер RU/CBS_UL/BASE/60dabbb9ca8c44199547e833eeefe29b
005 Дата корректировки 20260224162557.2
100 Данные общей обработки __
a Данные общей обработки 20260224 ||| 0rusy0189 ca
101 Язык документа 0_
a Язык текста rus
102 Страна публикации __
a Страна публикации RU
200 Заглавие и сведения об ответственности 1_
a Заглавие «Молчание было бы в ущерб делу…»
e Сведения, относящиеся к заглавию [о письмах в президиум ХХ съезда по поводу критики И. Сталина]
f Первые сведения об ответственности Н. Пивоваров
300 Общие примечания __
a Общие примечания 16+
320 Библиография __
a Библиография Библиогр.: с. 28
461 Уровень набора _0
1 2000
a Родина
463 Уровень физической единицы _0
1 2000
a № 2
v С. 23-28 : фот.
1 2101
d 2026
1 001RU/CBS_UL/BASE/79c277401e654ed09818eb16673f0eb1
600 Персоналии _1
a Персоналии (Фамилия) Сталин
b Персоналии (Имя, инициалы) И.В.
606 Тематические рубрики 0_
a Основная рубрика Сталин, Иосиф Виссарионович (1879-1953) - Культ личности - Разоблачение
610 Ключевые слова 0_
a Ключевые слова история советская, вожди советские, съезды партии, ХХ съезд КПСС, развенчивание культа личности И.В. Сталина, архивные документы, дискуссии в КПСС, критика И.В. Сталина
686 Индексы других классификаций __
2 Код системы rubbk
a Классификационный индекс 63.3(2)6-8
700 Автор _1
a Фамилия Пивоваров
b Имя (инициалы) Н.
801 Источник записи _0
a Страна RU
b Организация МБУК ЦБС г. Ульяновска
c Дата составления 20260224
g Правила каталогизации RCR
801 Источник записи _1
a Страна RU
b Организация МБУК ЦБС г. Ульяновска
c Дата составления 20260224
g Правила каталогизации RCR
901 Тип документа __
t Тип документа b
w Контрольный № источника RU/CBS_UL/BASE/79c277401e654ed09818eb16673f0eb1
909 Создатель записи __
a Создатель записи lib1